000 01635nam a2200457 i 4500
001 32289
003 KOSZ 005
005 20211102102358.0
008 961010s1996 pl a g |000 0 pol d
020 _a8321334792
020 _a8321335780
040 _cKOSZ 005
_aKOSZ 005
_dKOSZ 005/HR
041 1 _apol
_hspa
_hger
046 _k1970
080 _a73/76.03(091)
080 _a72.03(091)
080 _a(02.025.2)
245 0 0 _aSztuka świata.
_nT. 6 /
_c[aut. oryg. hisz. José Pijoan oraz Julián Gállego et al. ; aut. tekstów pol. Przemysław Trzeciak ; przekł. Halina Tomasik i Barbara Ostrowska].
246 _iTyt. oryg.:
_aHistoria del arte
250 _a[Wyd. 6].
260 _aWarszawa :
_b"Arkady",
_c1996.
300 _a366, [2] s. :
_bfot. kolor., pl., portr. ;
_c30 cm.
380 _aKsiążki
388 _a1901-2000
388 _a1945-1989
388 _a1989-2000
500 _aNa podst. oryg. hisz. : "Historia del arte" 1970.
504 _aBibliogr. s. 360-361. - Indeks.
648 7 _a1501-1600
650 7 _aHistoria sztuki
655 7 _aSztuka europejska
658 _aKultura i sztuka
700 1 _aGállego, Julían
_d(1919-2006)
_eAutor
700 1 _aOstrowska, Barbara
_d(1950- )
_eTłumaczenie
700 1 _aPijoan, José
_d(1881-1963)
_eAutor
700 1 _aTomasik, Halina
_eTłumaczenie
700 1 _aTrzeciak, Przemysław
_d(1931- )
_eAutor
710 _aWydawnictwo Arkady
856 _uhttp://koha.tu.koszalin.pl/cgi-bin/koha/opac-detail.pl?biblionumber=32289
_yKatalog online BPK
942 _cKS
_2UKD
999 _c32289
_d32289